GETS Theological Seminary Library

心靈禱航: (Record no. 22510)

MARC details
000 -LEADER
fixed length control field 00943nam a2200253Ia 4500
008 - FIXED-LENGTH DATA ELEMENTS--GENERAL INFORMATION
fixed length control field 200830s9999||||xx |||||||||||||| ||und||
020 ## - INTERNATIONAL STANDARD BOOK NUMBER
International Standard Book Number 9789868146112
020 ## - INTERNATIONAL STANDARD BOOK NUMBER
International Standard Book Number 9868146119
041 ## - LANGUAGE CODE
Language code of text/sound track or separate title chi
Language code of original eng
050 ## - LIBRARY OF CONGRESS CALL NUMBER
Classification number BS2655.P73
Item number .G7412 2005
100 ## - MAIN ENTRY--PERSONAL NAME
Personal name Green, Michael
245 #0 - TITLE STATEMENT
Title 心靈禱航:
Remainder of title 與保羅同行60天 /
Statement of responsibility, etc. 邁可·格林 (Michael Green) 著; 艾爾佩斯·泰勒 (Elspeth Taylor) 編; 譚亞菁譯
246 ## - VARYING FORM OF TITLE
Title proper/short title 心灵祷航 :
Remainder of title 与保罗同行60天/
260 ## - PUBLICATION, DISTRIBUTION, ETC.
Place of publication, distribution, etc. 台北:
Name of publisher, distributor, etc. 真光社出版,
Date of publication, distribution, etc. 2005
300 ## - PHYSICAL DESCRIPTION
Extent 263 p.
Other physical details ;
Dimensions 21 cm.
500 ## - GENERAL NOTE
General note Translation of: A prayer journey with the Apostle Paul: sixty devotions / Michael Green with Elspeth Taylor; Grand Rapids, Mich.: Zondervan, 2004.
650 ## - SUBJECT ADDED ENTRY--TOPICAL TERM
Topical term or geographic name entry element Bible. Acts Meditations.
650 ## - SUBJECT ADDED ENTRY--TOPICAL TERM
Topical term or geographic name entry element Bible. Acts.
650 ## - SUBJECT ADDED ENTRY--TOPICAL TERM
Topical term or geographic name entry element Bible. Epistles of Paul Meditations.
700 ## - ADDED ENTRY--PERSONAL NAME
Personal name Taylor, Elspeth
700 ## - ADDED ENTRY--PERSONAL NAME
Personal name 譚亞菁
700 ## - ADDED ENTRY--PERSONAL NAME
Personal name 邁可·格林
Holdings
Withdrawn status Lost status Damaged status Not for loan Home library Current library Shelving location Date acquired Total Checkouts Full call number Barcode Date last seen Price effective from Koha item type
        GETS Theological Seminary Library GETS Theological Seminary Library General Stacks 08/30/2020   BS2655.P73 .G7412 2005 00010190 08/30/2020 08/30/2020 Chinese Book
OpacCredits

Contact the Librarian, GETS Library
Email: library@mygets.org









Implemented by GETS Library
(Powered by ETCA Professional Group)
GETS Theological Seminary
412 E. Rowland Street, CA 91723